Στατιστική συγκοινωνιών και επικοινωνιών
Αποθηκεύτηκε σε:
| Συγγραφή απο Οργανισμό/Αρχή: | |
|---|---|
| Μορφή: | Περιοδική έκδοση |
| Γλώσσα: | Greek |
| Δημοσίευση: |
Αθήνα :
Εθνική Στατιστική Υπηρεσία της Ελλάδος,
1979-1993.
|
| Σειρά: | Μ-Μεταφορές, επικοινωνίες
|
| Θέματα: | |
| Διαθέσιμο Online: | Διάθεση ΕΛΣΤΑΤ: |
| Ετικέτες: |
Προσθήκη ετικέτας
Δεν υπάρχουν, Καταχωρήστε ετικέτα πρώτοι!
|
MARC
| LEADER | 00000nas a2200000 i 4500 | ||
|---|---|---|---|
| 001 | 1/56485 | ||
| 008 | 040601d19791993gr | rss 0 |gre|| | ||
| 022 | |a 02563657 | ||
| 035 | |l 10073609 | ||
| 040 | |a GR-MY-UA |b gre |e aacr | ||
| 041 | 0 | |a gre | |
| 082 | 0 | |a 388 | |
| 110 | 2 | |a Εθνική Στατιστική Υπηρεσία της Ελλάδος. | |
| 245 | 1 | 0 | |a Στατιστική συγκοινωνιών και επικοινωνιών |h [περιοδικό] / |c Εθνική Στατιστική Υπηρεσία της Ελλάδος. |
| 260 | |a Αθήνα : |b Εθνική Στατιστική Υπηρεσία της Ελλάδος, |c 1979-1993. | ||
| 300 | |a τ. : |b πίν. ; |c 29 εκ. | ||
| 310 | |a Ετήσιο (Ακανόνιστο) | ||
| 490 | 1 | |a (Μ-Μεταφορές, επικοινωνίες) | |
| 650 | 0 | 0 | |a Communication and traffic |x Statistics |x Periodicals |z Greece. |
| 830 | 0 | |a Μ-Μεταφορές, επικοινωνίες | |
| 856 | |z Διάθεση ΕΛΣΤΑΤ: |u http://dlib.statistics.gr/portal/page/portal/ESYE/complexsearch | ||
| 901 | |a BIBL2-2004-1 | ||
| 901 | |a BILB1-2006-1 | ||
| 920 | |a ΕΘΝΙΚΗ ΣΤΑΤΙΣΤΙΚΗ ΥΠΗΡΕΣΙΑ ΕΛΛΑΔΟΣ (ΕΣΥΕ) |y Χίος |z 1990-04 | ||
| 920 | |a ΕΘΝΙΚΗ ΣΤΑΤΙΣΤΙΚΗ ΥΠΗΡΕΣΙΑ ΕΛΛΑΔΟΣ (ΕΣΥΕ) |y Λέσβος | ||
| 970 | |a ΧΑΖΙΡΗ |b ΑΝΝΑ |z 2004/06/01 | ||